The mental development of the child : (Record no. 29667)
[ view plain ]
| 000 -LEADER | |
|---|---|
| fixed length control field | 01136cam a22002891 4500 |
| 001 - CONTROL NUMBER | |
| control field | 29667 |
| 003 - CONTROL NUMBER IDENTIFIER | |
| rucl marc code | BD-RjUL |
| 005 - DATE AND TIME OF LATEST TRANSACTION | |
| control field | 20211209051437.0 |
| 008 - FIXED-LENGTH DATA ELEMENTS--GENERAL INFORMATION | |
| fixed length control field | 140406r19491930enkaf b 001 0 eng |
| 035 ## - SYSTEM CONTROL NUMBER | |
| System control number | (BD-RjUL)29752 |
| 040 ## - CATALOGING SOURCE | |
| Original cataloging agency | DLC |
| Transcribing agency | DLC |
| Modifying agency | DLC |
| -- | BD-RjUL |
| Language of cataloging | eng |
| 041 1# - LANGUAGE CODE | |
| Language code of text/sound track or separate title | engger |
| 082 ## - DEWEY DECIMAL CLASSIFICATION NUMBER | |
| Classification number | 155.413 |
| Author mark and year | BUM 1949 |
| 100 1# - MAIN ENTRY--PERSONAL NAME | |
| Personal name | Bühler, Karl, |
| Dates associated with a name | 1879-1963. |
| 9 (RLIN) | 90361 |
| 245 14 - TITLE STATEMENT | |
| Title | The mental development of the child : |
| Remainder of title | a summary of modern psychological theory / |
| Statement of responsibility, etc. | by Karl Bühler ... |
| 260 ## - PUBLICATION, DISTRIBUTION, ETC. (IMPRINT) | |
| Place of publication, distribution, etc. | London ; |
| Name of publisher, distributor, etc. | K. Paul, Trench, Trubner & co. ltd.; |
| Place of publication, distribution, etc. | New York : |
| Name of publisher, distributor, etc. | Harcourt, Brace & company, |
| Date of publication, distribution, etc. | 1930 [impression 1949] |
| 300 ## - PHYSICAL DESCRIPTION | |
| Pagination | xi, 170 p. : |
| Illustrations | ill. ; |
| Size | 22 cm. |
| 490 0# - SERIES STATEMENT | |
| Series statement | International library of psychology, philosophy and scientific method |
| 500 ## - GENERAL NOTE | |
| General note | Translated by Oscar Oeser from the fifth German edition of the Abriss, Die geistige entwicklung des kindes. |
| 504 ## - BIBLIOGRAPHY, ETC. NOTE | |
| Bibliography, etc | Includes "References." |
| 650 #0 - SUBJECT ADDED ENTRY--TOPICAL TERM | |
| Topical term or geographic name as entry element | Child psychology. |
| 9 (RLIN) | 90362 |
| 700 1# - ADDED ENTRY--PERSONAL NAME | |
| Personal name | Oeser, O. A. |
| Fuller form of name | (Oscar Adolf), |
| Dates associated with a name | 1904- |
| 942 ## - ADDED ENTRY ELEMENTS (KOHA) | |
| Source of classification or shelving scheme | Dewey Decimal Classification |
| Koha item type | Books |
| Lost status | Source of classification or shelving scheme | Damaged status | Not for loan | Collection code | Permanent Location | Current Location | Shelving location | Date acquired | Source of acquisition | Cost, normal purchase price | Total Checkouts | Full call number | Date last seen | Copy number | Koha item type |
|---|---|---|---|---|---|---|---|---|---|---|---|---|---|---|---|
| Dewey Decimal Classification | Added to bundle | Non-fiction | Central Library, University of Rajshahi | Central Library, University of Rajshahi | Reading Room | 05/02/1955 | U.B.O | 7.14 | 155.413 BUM 1949 | 06/04/2014 | C-1 | Books |